| 000 | 01474nam a2200313 i 4500 | ||
|---|---|---|---|
| 001 | 002200001587993 | ||
| 003 | CZ PrSKC | ||
| 005 | 20260512145338.0 | ||
| 008 | 260416s2026 xr ||| | cze | ||
| 020 |
_a978-80-275-2859-2 _q(vázáno) : _cKč 449,00 |
||
| 040 |
_aTUG001 _bcze _erda |
||
| 072 | 7 |
_a821.162.3-3 _xČeská próza _2Konspekt |
|
| 100 | 1 |
_aKlabouchová, Petra, _d1980- _7ola2006345384 _4aut |
|
| 245 | 1 | 0 |
_aVona / _cPetra Klabouchová |
| 250 | _aPrvní vydání | ||
| 264 | 1 |
_aBrno : _bHost, _c2026 |
|
| 300 |
_a324 stran ; _c21 cm |
||
| 336 |
_atext _btxt _2rdacontent |
||
| 337 |
_abez média _bn _2rdamedia |
||
| 338 |
_asvazek _bnc _2rdacarrier |
||
| 520 | 2 | _aPříběh inspirovaný jedním z největších přírodních i lidských neštěstí Šumavy. Odlehlé osady pod Huťským štítem čekají v dubnu 1853 na příchod jara. Marně. Dočkají se jen přívalů sněhu, který všechno a všechny pohřbí. A taky hladu, neznámé epidemie, hrůzy a šílenství. Někteří si vyberou smrt, jiní se v boji o přežití zřeknou vlastního lidství. Ozvěnu té dávné tragédie si dodnes předávají potomci jednoho z rodů, zatímco hrůzné dědictví čeká na své odhalení. | |
| 655 | 7 |
_aromány _7fd133289 _2czenas _92191 |
|
| 710 | 2 |
_aHost (vydavatelství) _7ko2003163544 _4pbl |
|
| 900 |
_aTUG001 _b14 |
||
| 998 | _a010833578 | ||
| 910 | _aABG508 | ||
| 044 | _axr | ||
| 993 |
_a294.00 _h449.00 _iTeam Business _d2026-05-12 _x1076848 |
||
| 999 |
_c34270 _d34270 |
||